|
|
|
|
| LEADER |
00603cam a2200205 a 4500 |
| 001 |
0000088735 |
| 005 |
20080331090000.0 |
| 040 |
|
|
|a mod
|
| 041 |
|
|
|a eng
|
| 020 |
0 |
0 |
|a 0736045430
|
| 020 |
0 |
0 |
|a 9780736045438
|
| 090 |
0 |
0 |
|a 797.2
|b SWE
|c f
|e 2003
|
| 100 |
1 |
0 |
|a Sweetenham
|h Bill, 1950 -
|
| 245 |
1 |
0 |
|a Championship swim training
|c Bill Sweetemham, John Atkinson
|
| 260 |
0 |
0 |
|a Illinois
|b Human Kinetics
|c 2003
|
| 300 |
0 |
0 |
|a x, 301 p.
|b ill.
|c 28 cm
|
| 500 |
0 |
0 |
|a Includes index
|
| 650 |
0 |
0 |
|a Swimming
|x Training
|
| 700 |
1 |
1 |
|a Atkinson
|h John
|
| 999 |
|
|
|a 0264151
|b KD Pelandok
|d BOOKS
|e Rujukan
|f KD PELANDOK
|j AVAILABLE
|q GOOD CONDITION
|